000 00325nam a22001457a 4500
003 SGT
082 _a615.7
100 _aSINGH, HARKISHAN & KAPOOR, V.K
245 _aPRACTICAL PHARMACEUTICAL CHEMISTRY
250 _a1ST
260 _aNEW DELHI
_bVALLABH .PUB
_c2014
300 _a208
650 _aCHEMISTRY
942 _2ddc
_cBK
999 _c9622
_d9622